Foundations of Genetic Programming /

Obra introductoria sobre el cómo y por qué de la programación genética, una de las formas más avanzadas del cómputo evolutivo. Se trata de una técnica que ha logrado que las computadoras resuelvan problemas automáticamente y sin decirles explícitamente de qué manera. Se explica aquí qué es este tipo...

Descripció completa

Guardat en:
Dades bibliogràfiques
Autor principal: Langdon, William B. (autor)
Altres autors: Poli, Riccardo (autor) (autor)
Format: Llibre
Idioma:anglès
Publicat: Berlín, Alemania : Springer, 2002, c2002
Matèries:
Etiquetes: Afegir etiqueta
Sense etiquetes, Sigues el primer a etiquetar aquest registre!

MARC

LEADER 00000nam^a2200000^a^4500
001 000146490
005 20250521000000.0
009 20260310095911.838
020 |a 3-540-42451-2 
037 |a Acervo ITESO - Biblioteca 
041 |a ING 
082 |a 006. 3  |b LAN 
100 |a Langdon, William B.  |e (autor) 
245 1 0 |a Foundations of Genetic Programming /  |c W.B. Langdon, R. Poli. 
264 4 |a Berlín, Alemania :  |b Springer,  |c 2002, c2002 
300 |a XV, 260 p. 
336 |a texto  |b txt  |2 rdacontenido 
337 |a sin mediación  |b n  |2 rdamedio 
338 |a volumen  |b nc  |2 rdasoporte 
520 |a Obra introductoria sobre el cómo y por qué de la programación genética, una de las formas más avanzadas del cómputo evolutivo. Se trata de una técnica que ha logrado que las computadoras resuelvan problemas automáticamente y sin decirles explícitamente de qué manera. Se explica aquí qué es este tipo particular de programación, así como sus fundamentos en los algoritmos genéticos; posteriormente, se hace un acercamiento a la evolución natural y artificial, así como a las infinitas posibilidades de aplicación que existen. 
649 |a XX 
650 |a Algoritmos Genéticos 
650 |a Análisis Numérico 
650 |a Modelos Matemáticos 
650 |a Programación (Matemáticas) 
650 |a Análisis de Sistemas 
650 |a Métodos de Simulación 
650 |a Inteligencia Artificial 
650 |a Matemáticas de Ingeniería 
650 |a Ingeniería Computacional 
700 |a Poli, Riccardo  |e (autor) 
910 |a Fondo General 
920 |a Impresos - Libros 
930 |a Colección General 
905 |a 101 
901 |a 0500075864  |b IT1  |c ACC  |u 20250521 
902 |a https://opac.biblio.iteso.mx/vufind/Record/000146490